[Event "Altensteig"]
[Site "Altensteig"]
[Date "1994.??.??"]
[Round "10"]
[White "Ribli, Zoltan"]
[Black "Stangl, Markus"]
[Result "1-0"]
[WhiteElo "2605"]
[BlackElo "2535"]
[Annotator "Ribli,Z"]
[PlyCount "81"]
[EventDate "1994.08.??"]
[EventType "tourn"]
[EventRounds "11"]
[EventCountry "GER"]
[EventCategory "12"]
[SourceTitle "CBM 043"]
[Source "ChessBase"]
[SourceDate "1994.12.01"]
[SourceVersion "1"]
[SourceVersionDate "1994.12.01"]
[SourceQuality "1"]

1. Nf3 {Hecht Horn,Pe} d5 2. g3 c6 3. Bg2 Bg4 4. b3 Nd7 5. Bb2 e6 6. d3 Ngf6 7.
Nbd2 Bc5 8. a3 (8. O-O {Horn,Pe} O-O 9. e4 dxe4 10. dxe4 e5 11. h3 Bxf3 12.
Qxf3 Qe7 13. Rad1 b5 $13 {Ribli-Tal/Montpellier/1985}) 8... a5 9. O-O O-O 10.
e4 b5 (10... dxe4 {Horn,Pe} 11. dxe4 e5 12. h3 Bxf3 13. Qxf3 b5 14. Qe2 Re8 15.
Rfd1 Qc7 $14 {Larsen-Beliavsky/London/1984}) (10... Qe7 {Horn,Pe} 11. Qe2 Bh5
12. Rfe1 dxe4 13. dxe4 e5 14. h3 Ne8 15. Nc4 f6 $10 {Nikolac-Miles/BL/1988})
11. Qe2 Ba7 $6 (11... Qc7 $5 {Horn,Pe} 12. h3 Bh5 (12... Bxf3 $1 13. Nxf3 dxe4
14. dxe4 Rfd8 $10 {Keres}) 13. e5 Bxf3 14. Nxf3 Ne8 15. h4 g6 16. Nh2 (16. h5
$1 $14) 16... Ng7 {remis/Szabo-Keres/Budapest/1970}) 12. h3 Bh5 (12... Bxf3 $5
{Horn,Pe} 13. Nxf3 a4 14. b4 $14) 13. Kh1 Bxf3 (13... Qc7 14. g4 Bg6 15. e5 Ne8
16. Nh4 $14) 14. Nxf3 a4 15. b4 c5 (15... Qc7 {Horn,Pe}) 16. bxc5 (16. e5 Ne8
17. c4 bxc4 18. dxc4 Nc7 19. Rad1 Qe7 $13) 16... Bxc5 17. exd5 (17. Bxf6 Nxf6
18. exd5 exd5 19. d4 Bd6 20. Qxb5 Qc7 21. Qd3 Rfc8 $44) 17... Nxd5 (17... exd5
18. Nd4 $14 (18. Nd4 {Horn,Pe} Qb6 19. Nf5 $36) (18. c4 $14)) 18. Ne5 Ra6 $1
19. c4 bxc4 20. dxc4 N5f6 21. Rad1 Rd6 (21... Qc7 $2 {Horn,Pe} 22. Nxd7 Nxd7
23. Rxd7 Qxd7 24. Qe5 $18) 22. Nd3 $5 (22. Rxd6 Bxd6 23. Rd1 Qb6 24. Nxd7 Nxd7
25. Qd2 Be5 $10) 22... Qa5 23. Qc2 Rd8 (23... Qa7 {Horn,Pe} 24. Nxc5 Rxd1 25.
Rxd1 Nxc5 (25... Qxc5 26. Qxa4) 26. Bd4 $18) 24. Bc3 Qa7 25. Bb4 $1 $14 h5 $6 (
25... h6 $5) 26. Kg1 Rd4 27. Nxc5 Nxc5 28. Rxd4 Rxd4 29. Rd1 Rxd1+ (29... e5
30. Rxd4 exd4 31. Qf5 $16) (29... Nce4 30. Rxd4 Qxd4 31. Bxe4 $1 (31. c5 $6
Nxg3 32. c6 Ne8 33. c7 $2 Nxc7 34. Qxc7 Qd1+ 35. Kh2 Ne2 $17) 31... Nxe4 32. c5
$16) 30. Qxd1 Nce4 31. Bxe4 $1 (31. c5 $2 Nxc5 32. Qd8+ Kh7 33. Qd4 Nfd7 $13)
31... Nxe4 32. c5 Qa8 (32... Qa6 33. Qxh5 Qd3 34. Kg2 $16) (32... Nxc5 {Horn,Pe
} 33. Qd4 $18) (32... g6 {Horn,Pe} 33. Qd4 {/^a1-h8,Pc5} (33. Qd8+ {Hecht} Kh7
34. Qb6 Qd7 35. c6 Qd5 36. c7 Ng5 37. c8=Q Nf3+ 38. Kf1 Nh2+ 39. Ke1 Qh1+ (
39... Nf3+ 40. Ke2 Ng1+ 41. Kf1 Qd1+ 42. Kg2 Nxh3 43. Qbb7 $18) 40. Kd2 Qd5+
41. Kc1 $18)) 33. Qxh5 Qc6 34. Qd1 $1 f5 35. h4 Kh7 36. Qd4 g5 37. h5 $1 g4 38.
Bc3 Kh6 $2 (38... Nxc3 39. Qxc3 $16) 39. Qh8+ Kg5 40. Be5 $1 f4 41. Bxf4+ 1-0

[Event "GER-ch 76th"]
[Site "Altenkirchen"]
[Date "2005.02.19"]
[Round "2"]
[White "Deglmann, Ludwig"]
[Black "Kritz, Leonid"]
[Result "0-1"]
[WhiteElo "2361"]
[BlackElo "2547"]
[Annotator "Ribli,Z"]
[PlyCount "64"]
[EventDate "2005.02.18"]
[EventType "swiss"]
[EventRounds "9"]
[EventCountry "GER"]
[SourceTitle "CBM 106"]
[Source "ChessBase"]
[SourceDate "2005.06.06"]
[SourceVersion "1"]
[SourceVersionDate "2005.06.06"]
[SourceQuality "1"]

1. c4 e5 2. g3 Nf6 3. Bg2 d5 4. cxd5 Nxd5 5. Nf3 Nc6 6. d3 (6. O-O Be7 (6...
Nb6) 7. d4 $1) 6... Be7 7. O-O O-O 8. Nbd2 {Diese Springerentwicklung ist in
der letzten Zeit relativ oft gespielt geworden. Die Hauptfortsetzung wäre 8.
Nc3.} Be6 9. a3 a5 (9... f5 10. Qc2 a5 (10... Bf6 11. Nb3 Kh8 12. e4 fxe4 13.
dxe4 Nb6 14. Nc5 Qc8 15. b3 Bg4 16. Bb2 Nd7 17. Nd3 {1-0 Kunte,A-Lahiri,A/New
Delhi IND 2001/(52)}) 11. Nb3 Qd6 12. Bg5 Kh8 13. Bxe7 Ndxe7 14. Nc5 Bc8 15.
Rac1 h6 16. Rfd1 Qf6 {1/2-1/2 Guigonis,D-Miralles,G/Meribel 1998/CBM 67 (50)})
(9... Qd7 10. Re1 a5 11. b3 (11. e3 Rfd8 12. Bf1 Nb6 13. Qc2 Bg4 14. Be2 Qf5
15. b3 Qh5 16. Bb2 Rd5 17. Bc3 Rad8 $36 {0-1 Deleyn,G-Cekro,E/Belgium BEL 2003/
(63)}) 11... f6 (11... Bh3) 12. Qc2 Nb6 13. Bb2 a4 14. b4 Na7 15. d4 exd4 16.
Nxd4 c6 17. Nxe6 Qxe6 18. Be4 {1-0 Unzicker,F-Hugentobler,P/Austria 2003/CBM
97 ext (54)}) 10. Qc2 {Ein natürlicher Entwicklungszug, der mir jedoch nicht
gefällt, da es sinnvoller wäre, zuerst die Entwicklung des c1-Läufers
abzuschließen} (10. b3 $2 Nc3 11. Qe1 Nd4 $17) (10. Nc4 f6 11. Qa4 $11 (11. Bd2
b5 12. Ne3 a4 $15)) 10... Nd4 $1 {[%mdl 4] Ein typisches Motiv in solchen
Stellungen: der Nd4 steht stark und im Falle von 11.Nxd4 exd4 (die
Partiefortsetzung) erhält Schwarz dauerhaften Raumvorteil im Zentrum.} (10...
Nb6 11. b3 f5 12. Bb2 Bf6 13. Rac1 Rc8 14. Qb1 Qd7 15. Rc5 Be7 16. Rb5 Bd6 17.
Nc4 {1-0 Liedtke,D-Freialdenhoven,M/Ratingen 2001/EXT 2003 (64)}) 11. Nxd4 exd4
12. Nc4 a4 $15 13. e4 {Weiß möchte sich vom positionellen Druck befreien, aber
seine Bauernstruktur wird geschwächt.} dxe3 14. Nxe3 (14. fxe3 Bf6 $15 (14...
Re8 $15)) 14... c5 (14... Re8 15. Nxd5 Bxd5 16. Bxd5 Qxd5 17. Qxc7 Bc5 $44) 15.
Rb1 b5 {Schwarz mobilisiert seine Bauern am Damenflügel.} 16. Nxd5 Bxd5 {
Schwarz verfügt über eine gesunde Bauernstruktur und Raumvorteil am
Damenflügel. Der Pd3 stellt hingegen eine potentielle Schwächung in der weißen
Stellung dar.} 17. Be3 (17. Bxd5 Qxd5 18. Be3 Rfd8 $17) 17... Bb3 $5 {[%csl
Gb3]} (17... Bxg2 18. Kxg2 Qd5+ 19. Kg1 Rfd8 $17) 18. Qe2 Rc8 19. Bh3 (19. Rfe1
$15) 19... Rc6 20. Rfe1 b4 21. Bd2 (21. Bf5 g6 22. Be4 $15) 21... Bd6 (21...
Re8 22. axb4 cxb4 23. Bxb4 Re6 24. Qd2 $132 (24. Bxe6 Bxb4 $19)) 22. Qe4 (22.
Bf5 $15) 22... Rb6 (22... Rc7 $15) 23. Rbc1 Rb8 24. axb4 $2 {[%mdl 16384] Nach
diesem Abtausch erhält Schwarz einen gefährlichen Freibauern. Es wäre für Weiß
besser die Spannung am Damenflügel aufrecht halten.} (24. Bf4 $1 Bxf4 25. Qxf4
Qxd3 26. Rxc5 $11) 24... cxb4 25. Qc6 a3 $17 26. bxa3 bxa3 {[%csl Ga3] Der
schwarze Freibauer ist sehr stark, und Weiß verfügt über kein aussichtsreiches
Gegenspiel.} 27. Bf5 a2 28. Bc3 Ba3 {[%csl Ga2,Ga3,Gb3]} 29. Re5 $2 {Mit
diesem Zug möchte Weiß "im Trüben fischen" - er plant taktische Gegenmaßnahmen
am Königsflügel.} (29. Ra1 $17) 29... Bxc1 30. Bxh7+ Kxh7 (30... Kh8 31. Be4 (
31. Rh5 Bd1 32. f3 f6 33. Be4+ Bh6 $19) 31... f6 32. Rh5+ Bh6 $19) 31. Rh5+ Bh6
$19 {Die schwarze Verteidigungsstellung ist sicher und er besitzt deutlichen
Materialvorteil.} (31... Kg8 32. Qe4 Bh6 33. Rxh6 gxh6 34. Qg4+ Qg5 $19) 32.
Bxg7 Be6 (32... f6 $19) 0-1

[Event "ROM-chT"]
[Site "Eforie Nord"]
[Date "2000.12.21"]
[Round "4"]
[White "Moldovan, Daniel"]
[Black "Rogozenco, Dorian"]
[Result "1/2-1/2"]
[WhiteElo "2420"]
[BlackElo "2531"]
[Annotator "Rogozenco,D"]
[PlyCount "60"]
[EventDate "2000.12.18"]
[EventType "team"]
[EventRounds "5"]
[EventCountry "ROU"]
[SourceTitle "CBM 081"]
[Source "ChessBase"]
[SourceDate "2001.03.20"]
[SourceVersion "1"]
[SourceVersionDate "2001.03.20"]
[SourceQuality "1"]
[WhiteTeam "Brasov Dinamo"]
[BlackTeam "Bucharest RAT"]
[WhiteTeamCountry "ROU"]
[BlackTeamCountry "ROU"]

1. g3 d5 2. Bg2 Nf6 3. Nf3 c6 4. O-O Bg4 5. d3 Nbd7 6. Nbd2 e5 7. h3 Bxf3 8.
Nxf3 Bc5 (8... Bd6 9. e4 O-O 10. Qe2 Re8 11. b3 Qc7 12. Bb2 Rad8 13. Nh2 dxe4
14. dxe4 Nf8 $14 {/=. 1/2-1/2 Marin,M-Slovineanu,V/Sovata 1999/ (57)}) 9. b3
O-O 10. Bb2 Re8 11. e3 Qc7 $11 12. Qe2 a5 13. a4 (13. c4 $142 $11) 13... Rad8
14. Rad1 e4 15. Nd2 $6 (15. Nd4) 15... exd3 16. cxd3 Qb6 $15 17. Rc1 Bd4 (17...
d4 $1 18. e4 Nd5 $36 {[%mdl 32] /\Bb4; /\Nc3. White has very weak dark squares
and Black could try to use it by playing like this. After opening of the
position, the Bishop on g2 will be a very "bad" piece and black pieces will
exert a big pressure on white weak pawns.} 19. Rfd1 $3 {This fantastical move
which protects the pawn on d3 would have been extremely difficult to find
during the game. It is the only move to help White holding the balance.} (19.
Qd1 {[%cal Rd2c4]} Nc3 $1 20. Bxc3 dxc3 21. Rxc3 Bb4 22. Rc2 Nc5 23. Nc4 Qc7
$17) (19. Nc4 Qxb3 (19... Qa6 $5) 20. Nxa5 (20. Rb1 Qxa4 21. Ra1 Qb4) 20... Qb4
21. Qc2 Nc3 22. Bxc3 dxc3 23. Nc4 b5 24. axb5 cxb5 $15) 19... Bb4 (19... Nc3
20. Bxc3 dxc3 21. Rxc3 Bb4 22. Rcc1 Bxd2 23. Qxd2 Ne5 (23... Nc5 24. Qe3) 24.
Rc3 Rd4 $44) 20. Nb1 Bd6 21. Nd2 {And I cannot see a direct way for Black to
achieve something.}) 18. Bxd4 Qxd4 19. Ne4 Qb4 20. Nxf6+ Nxf6 $15 {/=.} 21. Qc2
h5 22. d4 h4 23. g4 Qe7 24. Qf5 Nd7 25. Rfe1 Nf8 26. Qd3 Ne6 27. Qd2 Qc7 28. b4
axb4 29. Qxb4 Rd7 30. a5 Ra8 1/2-1/2

[Event "EU-chT (Men) 16th"]
[Site "Heraklion"]
[Date "2007.10.31"]
[Round "4.2"]
[White "Roiz, Michael"]
[Black "Balogh, Csaba"]
[Result "1-0"]
[WhiteElo "2644"]
[BlackElo "2562"]
[Annotator "Roiz,M"]
[PlyCount "47"]
[EventDate "2007.10.28"]
[EventType "team-swiss"]
[EventRounds "9"]
[EventCountry "GRE"]
[SourceTitle "CBM 121"]
[Source "ChessBase"]
[SourceDate "2007.11.14"]
[SourceVersion "1"]
[SourceVersionDate "2007.11.14"]
[SourceQuality "1"]
[WhiteTeam "Israel"]
[BlackTeam "Hungary"]
[WhiteTeamCountry "ISR"]
[BlackTeamCountry "HUN"]

1. Nf3 Nf6 2. g3 d5 3. Bg2 e6 4. O-O Nbd7 $6 {In my opinion, this order of
moves is dubious, since White can exploit the passive placement of the Nd7.
However, my young opponent has already used it several times, so I was well
prepared.} ({The standard} 4... c5 {followed by Nc6 looks much more natural.})
5. d3 ({The main reason of Black's previous move is avoiding the Catalan by
means of:} 5. d4 b5 $1) ({At the same time, another version of the Catalan
which arises after} 5. c4 dxc4 6. Qa4 a6 {is completely harmless.}) 5... b6 6.
c4 $1 {I was happy to get this position during the game. It looks like after
an exchange on d5 White can easily push e2-e4, while Black's pieces are placed
not ideally.} ({The standard plan of the immediate e2-e4 advance doesn't
promise much, as we can see from my opponent's previous experience:} 6. Nbd2
Bb7 7. e4 (7. c3 Be7 8. Qc2 O-O 9. Rd1 c5 10. e4 Qc7 11. b3 Rfd8 {1/2-1/2
Horvath,C-Balogh,C/Budapest 2003/CBM 093 ext}) 7... dxe4 8. Ng5 Be7 9. Ngxe4
Nxe4 10. Nxe4 O-O 11. Re1 Qc8 12. Bd2 Nf6 13. Bg5 Nxe4 14. Bxe7 Re8 $11 {
1/2-1/2 Ruck,R-Balogh,C/Sibenik CRO 2007 (29)}) 6... Bb7 7. cxd5 exd5 $6 {
After this natural capture Black's position turns out to be critical.} (7...
Nxd5 {At the same time, after the correct:} 8. e4 N5f6 9. Nc3 Be7 (9... c5 $5)
10. Re1 O-O 11. d4 Bb4 12. Qc2 $14 {which happend in 1-0 Reshevsky,S-Denker,A/
New York 1957/MCD (42) Black got a slighty worse but solid position.}) 8. Nc3
Be7 9. e4 $1 $146 {This move is very unpleasant for Black, as after the e4-e5
advance it would be unclear where to put the Nf6.} (9. Nd4 O-O 10. Bf4 (10. Nf5
$14) 10... Nc5 11. Rc1 Nh5 12. Be3 g6 13. b4 Ne6 14. Qb3 $14 {1-0 Dizdarevic,
E-Kashashvili,A/Batumi 1999/CBM 074 (28)}) 9... dxe4 $6 {Too optimistic! Black
shouldn't open the d-file.} ({After} 9... O-O 10. e5 Ne8 11. Re1 c6 $14 {
/+/- White is obviously better, but Black's position may improve.}) 10. dxe4 {
I was lucky enough to be able to make use of my home preparation in this game!}
Nc5 ({The tactical point of my idea is:} 10... Nxe4 11. Nxe4 Bxe4 12. Qa4 $1
Bd5 13. Rd1 c6 14. Ne5 $1 {(preventing Black from castling)} b5 15. Qf4 Nxe5
16. Qxe5 O-O 17. Bxd5 cxd5 18. Rxd5 Bf6 19. Rxd8 Bxe5 20. Rd5 $16 {and White
wins a pawn and gets reasonable winning chances.}) 11. Nd4 $1 {Now the e4-e5
advance is unavoidable, so White gets control of the key c6-square.} (11. e5 $6
Nfe4 12. Nxe4 Bxe4 $14) 11... O-O ({The Pe4 was poisoned:} 11... Nfxe4 $2 12.
Nxe4 Nxe4 (12... Bxe4 13. Bxe4 Nxe4 14. Re1 Nf6 (14... Kf8 15. Rxe4 c5 16. Rxe7
Qxe7 17. Nf5 Qf6 18. Qf3 Rd8 19. Bf4 Kg8 20. Qe4 Qxb2 21. Be5 $18) 15. Qe2 $18)
13. Re1 $18) 12. e5 Bxg2 ({Hardly better would be:} 12... Nd5 13. Nxd5 (13.
Bxd5 $5 Bxd5 14. Qg4 Be6 15. Nxe6 Nxe6 16. Rd1 Qe8 17. Be3 $16) 13... Bxd5 14.
Nc6 Bxc6 15. Bxc6 Qxd1 16. Rxd1 Rad8 17. Be3 $16) 13. Kxg2 Nd5 {At least Black
has an opportunity of simplifying the position.} ({Also} 13... Nfd7 14. b4 Ne6
15. Nc6 Qe8 16. Nd5 Bd8 17. f4 {looks terrible for Black.}) 14. Nc6 Nxc3 15.
bxc3 ({I didn't want to trade the queens, although after} 15. Qxd8 Bxd8 16.
bxc3 Re8 (16... f6 17. Ba3 $16) 17. Rd1 f6 18. f4 fxe5 19. fxe5 $16 {White
could maintain a huge advantage.}) 15... Qe8 16. Qd5 {The placement of Nc6
looks scary, as it restricts practically all the black pieces.} Kh8 $2 {
This move was played very quickly. At the same time, it is only after this
loss of time that White gets a winning position.} ({It was necessary to
prevent the pin of Nc5 by means of} 16... Na4 17. e6 Bd6 $16) ({or} 16... Ne6
17. Rb1 Bc5 $16) 17. Ba3 $1 f5 {[%cal Gf5f4] Probably Black was trying to get
some counterchances on the kingside, but it's unrealistic with such passive
pieces.} 18. f4 {The most simple - now Black cannot do anything against the
decisive penetration along the d-file.} Rg8 (18... Rf7 19. Rad1 Bf8 20. Nd8 $18
) 19. Rad1 Bf8 {This was probably a blunder, but Black's position was
completely hopeless anyway.} ({For instance after} 19... g6 20. Rfe1 Rg7 21. e6
h6 22. c4 {[%cal Ga3b2] White could win the game without changing the
character of the position.}) 20. Nd8 $1 {[%cal Od5a8,Gd8f7]} Rxd8 21. Qxd8 {
The rest is just an agony - Black cannot create any threats.} Qa4 22. Bxc5 Bxc5
(22... Qe4+ 23. Kh3 Bxc5 24. Qd3 $18) 23. Qd2 Qe4+ 24. Rf3 1-0

[Event "ISR-chT"]
[Site "Israel"]
[Date "2005.05.13"]
[Round "11"]
[White "Roiz, Michael"]
[Black "Drozdov, Alexander S"]
[Result "1-0"]
[WhiteElo "2579"]
[BlackElo "2324"]
[Annotator "Roiz,M"]
[PlyCount "89"]
[EventDate "2005.01.08"]
[EventType "team"]
[EventRounds "11"]
[EventCountry "ISR"]
[SourceTitle "CBM 107"]
[Source "ChessBase"]
[SourceDate "2005.08.01"]
[SourceVersion "1"]
[SourceVersionDate "2005.08.01"]
[SourceQuality "1"]

1. g3 d5 2. Nf3 Bg4 3. Bg2 Nf6 $6 {In my opinion, this move is already
inaccurate and causes Black some problems.} (3... c6 {-->is a more solid move.}
) 4. c4 e6 ({According to my knowledge,} 4... c6 5. cxd5 cxd5 6. Ne5 {leads to
unpleasant positions for black.}) 5. Qb3 Qc8 {[%csl Rc8] Of course, the queen
is misplaced at c8, but I can hardly recommend something better here.} (5... b6
6. Ne5 Bh5 7. cxd5 exd5 8. Nc3 c6 9. d4 $14 {[%csl Rc6,Ge5]}) 6. Ne5 c6 (6...
Bf5 $5 {deserved attention:} 7. cxd5 $140 exd5 8. Bxd5 Nxd5 9. Qxd5 Be6 $44 {
with some compensation for a pawn.}) 7. Nxg4 Nxg4 8. d4 {White has a stable
advantage due to a space advantage and pair of the bishops.} Bd6 $146 (8... Be7
$5) (8... h5 9. Nc3 h4 10. Bf4 hxg3 11. hxg3 Rxh1+ 12. Bxh1 dxc4 13. Qxc4 Nd7
14. Ne4 Nb6 15. Qb3 $14 {1/2-1/2 Seeman,T-Paasikangas Tella,J/Myyrmanni 1999/
CBM 71 ext (15)}) 9. Nc3 Nf6 10. Bg5 {[%cal Ga1c1] Freeing a square for the
Ra1.} ({Possible was also:} 10. Bd2 $5 Nbd7 11. Rc1 $14) 10... Nbd7 11. Rc1 Qb8
12. O-O h6 (12... O-O 13. Rfd1 h6 14. Bd2 $14) 13. Bd2 a6 {That move is not a
serious mistake,but it gives white an additional option.} (13... O-O $142 14.
Rfd1 Rd8 $14) 14. e4 {That is the point! Now that typical move is more
powerful.} (14. cxd5 exd5 15. e4 dxe4 16. Bxe4 (16. Nxe4 Nxe4 17. Bxe4 O-O $14)
16... O-O 17. Bg2 $14) 14... dxe4 15. Nxe4 Nxe4 16. Bxe4 {Black has a solid,
but very passive position. His main problem is a deficit of counterplay.} O-O
17. Rfd1 {[%cal Gd2c3,Gd4d5] Intending to exploit the drawback of black's
position by Bd2-c3 and d4-d5.} ({I have also considered:} 17. Qf3 $5 Qc7 18. b4
$14 {with a pleasant edge.}) 17... Rd8 18. Ba5 $1 {An important intermediate
move.} Bc7 19. Bc3 {Now it's clear that all of black's pieces are misplaced,
so he has to spend time for regrouping.} Bd6 (19... Qa7 20. Rd2 Bb6 21. Bf3 $36
{[%cal Gd4d5]}) 20. Bb1 $1 {[%cal Gb3c2]} Nf8 (20... Qc7 $5 {deserved
attention:} {in order to meet} 21. d5 $140 exd5 22. cxd5 {with} c5 23. Qc2 Nf8
$14) 21. a4 $1 {Seizing more space before the breakthrough.} (21. d5 exd5 22.
cxd5 c5 23. Ba5 Re8 $14 {[%cal Gb7b5]}) 21... Be7 $2 {A serious mistake -
black loses the coordination of the pieces.} ({Necessary was:} 21... Qc7 $142
22. d5 exd5 23. cxd5 c5 24. a5 Re8 25. Qc4 $36 {although White has a dangerous
initiative here.}) 22. d5 cxd5 (22... exd5 23. cxd5 c5 24. a5 $16) 23. cxd5
exd5 (23... e5 $2 24. Ba5 $1 Rc8 25. Rxc8 Qxc8 26. d6 Bd8 27. Bxd8 Qxd8 28.
Qxb7 Rb8 29. Qxa6 Rxb2 30. Bf5 $18) (23... b5 24. dxe6 Rxd1+ 25. Rxd1 Nxe6 $16)
24. Rxd5 Rxd5 25. Qxd5 Qc7 $2 {That leads to a loss of material.} ({The only
way to continue the fight was:} 25... b5 $16 {although Black's position
remains very hard.}) 26. Be4 $18 Rb8 27. Qe5 $1 {Forcing a trade of the queens.
} Qxe5 (27... Ne6 28. Qxc7 Nxc7 29. Be5 $18) 28. Bxe5 Re8 29. Bxb7 a5 ({
Hopeless was also:} 29... Bg5 30. Re1 (30. f4 $143 Rxe5 31. fxg5 a5 32. gxh6
gxh6) 30... Nd7 31. Bc3 Rxe1+ 32. Bxe1 Nc5 33. Bc6 $18) 30. Bc3 Rb8 31. Bd5 Bd8
(31... Bb4 32. Bxb4 Rxb4 33. b3 $18 {[%cal Gc1c5]}) 32. Be5 Rb6 33. Rc8 {
Now white gets full domination. The rest is clear.} Be7 (33... Bf6 34. Bxf6
gxf6 35. b3 $18) 34. Rc7 Ng6 35. Bc3 {Black cannot avoid an additonal loss of
material.} Ra6 36. h4 h5 37. Kf1 Rb6 38. Ra7 Rd6 39. Rxa5 Bd8 40. Rb5 Ne7 41.
Bb3 g6 42. Rb7 Kf8 43. a5 f5 44. Bc4 f4 45. gxf4 1-0